<?xml version="1.0" encoding="UTF-8"?>
<marc:record xmlns:marc="http://www.loc.gov/MARC21/slim">
   <marc:leader>00000nam a2200000 a 4500</marc:leader>
   <marc:datafield ind1="1" ind2=" " tag="100">
      <marc:subfield code="a">Teckentrup, Britta</marc:subfield>
      <marc:subfield code="4">aut</marc:subfield>
      <marc:subfield code="e">Verfasser/-in</marc:subfield>
   </marc:datafield>
   <marc:datafield ind1=" " ind2=" " tag="653">
      <marc:subfield code="a">Hoffnung</marc:subfield>
   </marc:datafield>
   <marc:datafield ind1=" " ind2=" " tag="653">
      <marc:subfield code="a">Gefühle erkennen</marc:subfield>
   </marc:datafield>
   <marc:datafield ind1=" " ind2=" " tag="653">
      <marc:subfield code="a">Gefühle benennen</marc:subfield>
   </marc:datafield>
   <marc:datafield ind1=" " ind2=" " tag="653">
      <marc:subfield code="a">Gefühl der Einsamkeit</marc:subfield>
   </marc:datafield>
   <marc:datafield ind1=" " ind2=" " tag="653">
      <marc:subfield code="a">Kinderperspektive</marc:subfield>
   </marc:datafield>
   <marc:datafield ind1="0" ind2="0" tag="245">
      <marc:subfield code="a">Einsam</marc:subfield>
   </marc:datafield>
   <marc:datafield ind1="0" ind2="0" tag="245">
      <marc:subfield code="c">Britta Teckentrup</marc:subfield>
   </marc:datafield>
   <marc:datafield ind1=" " ind2="1" tag="264">
      <marc:subfield code="a">München</marc:subfield>
      <marc:subfield code="b">Prestel</marc:subfield>
      <marc:subfield code="c">2025</marc:subfield>
   </marc:datafield>
   <marc:datafield ind1="1" ind2=" " tag="520">
      <marc:subfield code="a">Quelle: bn.bibliotheksnachrichten (http://www.biblio.at/literatur/bn/index.html); #Autor: Maria Schmuckermair; #Trostbuch für sich einsam fühlende Kinder. (ab 3) (JD)#In gereimten Zweizeilern beklagt ein Kind seine Einsamkeit im unwirtlichen Winterwald. Sein sehnlichster Wunsch nach einem Freund wird erfüllt, als ein Wolf auftaucht und ihm Mut zuspricht. Gemeinsam streifen die beiden nun weiter durch den Wald und finden sehr schnell Schicksalsgenossen, die ebenfalls auf der Suche nach Kontakten sind. Durch Vertrauen entstehen Freundschaften und die Zukunft erscheint nun in einem positiven Licht.#Die Illustration unterstützt diese hoffnungsvolle Geschichte vorbildlich. Ist der Grundton zuerst düster und grau, so hellen sich die Farben allmählich auf, bis die ganze Szenerie in ein warmes, goldenes Sonnenlicht getaucht ist. Die sehr ästhetischen, scherenschnittartigen Figuren weisen strukturierte Flächen auf. Ein friedlicher, behutsamer und vertrauensvoller Geist dominiert die Bebilderung.  Sehr zu empfehlen ab 3 Jahren.</marc:subfield>
   </marc:datafield>
   <marc:datafield ind1=" " ind2=" " tag="020">
      <marc:subfield code="a">9783791376189</marc:subfield>
      <marc:subfield code="9">9783791376189</marc:subfield>
   </marc:datafield>
   <marc:datafield ind1=" " ind2=" " tag="041">
      <marc:subfield code="a">ger</marc:subfield>
   </marc:datafield>
   <marc:datafield ind1=" " ind2=" " tag="300">
      <marc:subfield code="a">44 ungezählte Seiten</marc:subfield>
   </marc:datafield>
</marc:record>
